00393 a2200121 450000100060000008200110000610000410001724501380005826000250019630000150022150000260023665000090026287953 aPR 314 aFaisal Sultan; Tanveer Hussain, Prof aTo study the delay in boundry layer seperation under the combined affect of oscillation and heat induction to NACA 0012 airfoilnG-65 aRisalpurbNUSTc2003 aix, 150 p. aBE project reports AE aNACA